000 00253nam a22001217a 4500
040 _cSK
082 _a959
100 _aNA
245 _aHistory; ប្រវត្តិសាស្រ្ត
260 _aRUA
_bNA
_cNA
300 _a194p.
942 _cKB
999 _c10236
_d10236